000 01105nam0a22003011 4500
001 v19\rc\1983442
005 20251118181212.5
035 _a(NLR Aleph) 005066311
090 _a7048774
_c7048774
100 _a20080623d1914 u y0rusy50 ca
101 0 _arus
102 _aRU
105 _ay z |||a|
200 1 _aСвинья красавица, или Одураченные немцы
_eК чему Вильгельма во сне видеть?
_eЮмористические и фантастические воен. рассказы
210 _aМосква
_d1914
215 _a16 с.
_d25
300 _aПервый рассказ подписан: Твердо
316 _aЭкземпляр РНБ (37.80.1.108): утрачен
_5NLR: 37.80.1.108
517 0 _aОдураченные немцы
701 1 _aТвердо
702 0 _aВильгельм
_cгерм. имп.
_f1859-1941
_4570
801 0 _aRU
_bNLR
_gpsbo
801 0 _aRU
_bRuMoRGB
_2psbo
801 1 _aRU
_bProSoft-M
_2rusmarc
852 _aNLR
_j37.80.1.108
899 _aRuMoRGB
_jΔ 408/172
942 _cBOOK
980 _aNB